=LDR 00000nam 2200000 4500 =001 NUTBA000000000005291 =005 20141027120452.0 =006 =007 =008 =020 ##$$a 979-9282-66-7 =035 ##$$0010-101400000000521 =040 ##$$a NBPDMAT =082 ##$$a 028.5 =090 ##$$a 028.5 $b Kea k =245 ##$$a Keajaiban tembok besar cina / $c penulis tim CBM ; penerjemah Deni Hendra Setiawan S.pd =250 ##$$a Cet.2 =260 ##$$a Bandung : $b Karya Kita, $c 2008 =300 ##$$a 55 hlm. : $b ilus. ; $c 17 cm. =650 ##$$a Bacaan kanak - Kanak - Tembok Besar =700 ##$$a Deni Hendra Setiawan =850 ##$$a NBPDMAT =990 ##$$a 0001/BPAP-NTB/20142015